000
00319 a2200145 4500
001
44286
020
_a
8573891769
040
_c
Anchieta - Aquarius
240
1
0
_a
#As viagens de Gulliver
_l
por
245
1
0
_a
#As viagens de Gulliver
300
_a
362
0
_a
0
650
4
_a
Literatura infanto-juvenil
942
_c
BK
999
_c
44286
_d
44286